Kondo Olopa
Saved in:
| Main Author: | |
|---|---|
| Format: | Book |
| Language: | English |
| Published: |
Krownkom Publishers
2014
|
| Tags: |
Add Tag
No Tags, Be the first to tag this record!
|
MARC
| LEADER | 00000nam a22000007a 4500 | ||
|---|---|---|---|
| 008 | 201215b ||||| |||| 00| 0 eng d | ||
| 020 | |a 978-978-937-415-1 | ||
| 100 | |a AKINTOKUN, Gbade | ||
| 245 | |a Kondo Olopa |c Gbade Akintokun |g 112p.; ill. | ||
| 260 | |b Krownkom Publishers |c 2014 |h Ilesa, Nigeria |i 689330 |i 689331 |l PL8821 .Ak5 |m Yoruba language – Texts. | ||
| 942 | |a lcc |c BK |e Kuteyi, M. A. |f 15/12/2020 | ||
| 952 | |0 0 |1 0 |2 lcc |4 0 |6 PL8821 A K5 |7 0 |9 535 |a HOL |b ART |c LP |d 2020-12-15 |l 0 |o PL8821 .Ak5 |p 2020-2257 |r 2020-12-15 00:00:00 |w 2020-12-15 |y BK | ||
| 952 | |0 0 |1 0 |2 lcc |4 0 |6 PL8821 A K5 |7 0 |9 536 |a HOL |b HOL |c LP |d 2020-12-15 |l 0 |o PL8821 .Ak5 |p 2020-2258 |r 2020-12-15 00:00:00 |w 2020-12-15 |y BK | ||
| 999 | |c 292 |d 292 | ||